| 000 | 00843nam a2200181 i 4500 | ||
|---|---|---|---|
| 001 | 159082 | ||
| 003 | ES-MaACL | ||
| 005 | 20230906211437.0 | ||
| 008 | 040908s1885 cu |||| | spa d | ||
| 040 |
_aCAM _bspa _cCAM |
||
| 100 | 1 |
_aMas y Otzet, Francisco de. _9129687 |
|
| 245 | 1 | 3 |
_aLa cuestion palpitante _b: estudio historico-politico sobre el conflicto hispano-aleman : con una exposicion del derecho de España sobre los Palaos y Carolinas / _cpor Francisco de Mas y Otzet. |
| 260 |
_aHabana : _bMolinas y July, _c1885 ( _fTip. "La Universal") |
||
| 300 |
_a74 p. ; _c26 cm. |
||
| 651 | 4 |
_aAlemania- _xRelaciones- _zEspaña. _9149658 |
|
| 651 | 4 |
_aEspaña- _xRelaciones- _zAlemania. _9149657 |
|
| 852 |
_aES-MaACL _jT-955-F-8 _z-- Enc. hol. conservando la cub. original _z-- Legado de González del Campillo _z-- Enc. en un vol. facticio |
||
| 999 |
_c159082 _d159082 |
||